000 01547nam2a22002771 4500
001 rc\2214718
005 20260327155708.0
035 _a(NLR Aleph) 006719871
090 _a5431975
_c5431975
100 _a20110829d1979 u y0rusy50 ca
101 0 _arus
102 _aRU
105 _ac z |||a|
200 1 _aСтихотворения, 1956-1965
_f[Сост. подгот. текста и коммент В.С. Киселева-Сергенина]
210 _d1979
215 _a591 с., 1 л. портр.
_d21
300 _aИзд. выходит с 1978 г.
320 _aБиблиогр. в примеч.: с. 539-578
461 0 _1001rc\2214715
_12001#$aСобрание сочинений$eВ 4 т.$fАлександр Прокофьев$g[Составление В.В. Базанова]$gПод общ. ред. В.Г. Базанова и др.$g[Вступ. статья В. Дементьева, с 5-24]$vТ. 3
_1700#1$aПрокофьев$bА.А.$f1900-1971$gАлександр Андреевич
_95431950
_aПрокофьев, А. А. (поэт ; 1900-1971)
_cЛенинград
_d1978-
_fАлександр Прокофьев
_nХудож. лит. Ленингр. отд-ние
_oВ 4 т.
_tСобрание сочинений
_vТ. 3
702 1 _4570
_7ca
_8rus
_aКиселев
_bВ. С.
_cлитературовед
_f1928-1995
_gВладимир Сергеевич
_9169822
_3RU\NLR\AUTH\770169872
801 0 _aRU
_bNLR
_gpsbo
801 1 _aRU
_bELAR
_2rusmarc
852 _aNLR
_j78-3/2016
942 _cBOOK
980 _aNB